01322nam a22001697a 450000500170000000800410001702000180005804000070007604100120008308200220009510000240011724500160014126000420015730000260019952008700022565000570109520250614092817.0250610b |||||||| |||| 00| 0 eng d a9788175993105 cAL aEnglish 223a320.954bTAGN aRabindranath Tagore aNationalism aNew DelhibFingerprint Classicsc2021 a119 p.bPBc20x13 cm. aNationalism is a comprehensive exploration of the historical, political, and cultural phenomenon of nationalism. Written by Rabindranath Tagore, a renowned poet and philosopher, this thought-provoking book delves into the complexities and consequences of nationalistic fervor. Engaging readers with insightful analysis, Tagore challenges prevailing notions of patriotism and encourages a broader understanding of humanity. A profound examination of the impact of nationalism on society and individual identity. Tagore's eloquent prose that stimulates critical thinking and introspection. Relevant and timely reflections on the pitfalls and potential of nationalist ideologies. A valuable resource for students, scholars, and anyone interested in political and social theory. A classic work that continues to inspire discussions on nationalism and its implications. 2Political ScienceaPolitical Situation and Condition